|
|
|
|
| LEADER |
00000ny a22000003n 4500 |
| 005 |
2011060607477.0 |
| 008 |
980311s1992 sp s 000 0 spa c |
| 020 |
|
|
|a 8471302160
|
| 035 |
|
|
|a 472
|
| 040 |
|
|
|a UMA.DER
|d vLex
|
| 040 |
|
|
|a UMA.RE
|d vLex
|
| 080 |
|
|
|a 347(460)(094.4.072)
|
| 090 |
|
|
|c 494
|d 494
|
| 245 |
0 |
0 |
|a Comentarios al Cd̤igo Civil y compilaciones forales
|h [Recurso electrn̤ico]
|c dirigidos por Manuel Alabadalejo y Silvia Da̕z Alabart
|
| 250 |
|
|
|a 2® ed
|
| 256 |
|
|
|a Servicio en ln̕ea
|
| 260 |
|
|
|a Madrid :
|b EDERSA,
|c D.L. 1992
|
| 300 |
|
|
|a XXIII, 668 p. ;
|c 22 cm
|
| 505 |
0 |
|
|a T. VII. Vol. 1, Artc̕ulos 467 a 529 del Cd̤igo Civil /
|r comentados por Manuel Albaladejo Garca̕, Jos ̌Antonio Doral Garca̕ de Pazos
|
| 506 |
1 |
|
|a Contenido solo disponible en los productos indicados
|d vLex Global
|d vLex Global (Academic Edition, excluding Law Schools)
|d vLex Global (U.S. Academic Edition, Law Schools)
|d vLex Global (U.S. Academic Edition, excluding Law Schools)
|d vLex Global (Academic Edition, Law Schools)
|
| 650 |
0 |
7 |
|2 Tesauro vLex
|a Civil
|
| 650 |
0 |
7 |
|2 Tesauro vLex
|a Cd̤igo civil
|
| 650 |
0 |
7 |
|2 Tesauro vLex
|a Derecho de uso
|
| 650 |
0 |
7 |
|2 Tesauro vLex
|a Inmobiliario y registral
|
| 650 |
0 |
7 |
|2 Tesauro vLex
|a Derecho de usufructo
|
| 650 |
0 |
7 |
|2 Tesauro vLex
|a Derecho de habitacin̤
|
| 650 |
0 |
7 |
|2 Tesauro vLex
|a Derecho de uso y habitacin̤
|
| 700 |
1 |
|
|a Albaladejo Garca̕, Manuel,
|e com
|
| 700 |
1 |
|
|a Doral Garca̕ de Pazos, Jos ̌Antonio,
|e com
|
| 740 |
0 |
|
|a vLex Libros (Servicios en ln̕ea)
|
| 856 |
4 |
0 |
|z Acceso restringido
|u http://vlex.com/source/472
|
| 942 |
|
|
|c BOOK
|